| 000 | 00749nam a2200229Ii 4500 | ||
|---|---|---|---|
| 003 | JO-AjNU | ||
| 008 | 230605s9999||||xx |||||||||||||| ||und|| | ||
| 017 | _a92/10384 | ||
| 020 | _a977-5160-08-1 | ||
| 040 |
_aJO-AjNU _bara _erda _cJO-AjNU |
||
| 041 | _aara | ||
| 050 | 1 | 4 | _aBD175.N3244 1992 |
| 100 | 3 |
_aرمزي،نبيل, _eauthor _917699 |
|
| 245 | 0 | 0 | _aعلم اجتماع المعرفة :الايديولوجيا والوعي الاجتماعي، ج2 |
| 250 | _aط1 | ||
| 264 | 3 | 1 | _aالاسكندرية:دار الكتاب الجامعي ، 1992 |
| 300 | _aج2، 194ص | ||
| 336 |
_atext _btxt _2rdacontent |
||
| 337 |
_aunmediated _bn _2rdamedia |
||
| 338 |
_avolume _bnc _2rdacarrier |
||
| 650 | 4 |
_aعلم اجتماع-فلسفة _917700 |
|
| 999 |
_aA5524 _c9092 _d9092 |
||